000 00550nam a22001937a 4500
005 20251108172529.0
008 250721s1998 xx 000 0 ara d
082 1 4 _a414/حسي
100 1 _aحسين، عبدالقادر
245 1 0 _aأثر النحاة في البحث البلاغي /
264 1 _aالقاهرة :
_bدار غريب،
_c1998.
300 _a454 ص.
650 1 7 _aالبلاغة
650 1 7 _aالبيان
650 1 7 _aاللغة العربية
650 1 7 _aقواعد اللغة
942 _2ddc
_cBK
999 _c81736
_d81736